Deutsche Medailien bei den Olympischen Spielen 2024 - Statistiken

Allgemein
  • Dieses Quiz wurde 116 mal gespielt
  • Das Durchschnittsergebnis liegt bei 18 aus 31
Antwortstatistiken
Medailie Sportart % Korrekt
Schwimmen
84%
Schwimmen
84%
Freiwasserschwimmen
83%
Springreiten
80%
Reiten
78%
Reiten
78%
Reiten
78%
Gold 3x3-Basketball
76%
Leichtathletik
74%
Rudern
71%
Rudern
71%
Handball
69%
Kanu-Rennsport
62%
Kanu-Rennsport
62%
Bronze Kanu - Rennsport
62%
Kanu-Slalom
62%
Kanu-Slalom
62%
Fußball
61%
Leichtathletik
54%
Leichtathletik
54%
Hockey
51%
Triathlon
48%
Boxen
44%
Bahnradsport
43%
Radsport
43%
Bogenschießen
40%
Judo
40%
Beachvolleyball
35%
Rhythmische Sportgymnastik
23%
Golf
18%
Silber Radsport
0%
Keine übereinstimmenden Quizze gefunden
Verteilung der Resultate
Anzahl Personen mit jedem Resultat
Perzentil nach korrekt beantworteten Fragen
Ihre Resultats-Entwicklung
Sie haben dieses Quiz noch nicht gespielt